[Event "Arco op 44th"]
[Site "Arco"]
[Date "2022.10.16"]
[Round "9"]
[White "Antoniacci, Ricardo"]
[Black "La Barbera, Marcello"]
[Result "0-1"]
[WhiteElo "1720"]
[BlackElo "1441"]
[PlyCount "38"]
[EventDate "2022.10.08"]
[EventType "swiss"]
[EventRounds "9"]
[EventCountry "ITA"]
[SourceTitle "CBM 210 Extra"]
[Source "ChessBase"]
[SourceDate "2022.11.30"]
[SourceVersion "1"]
[SourceVersionDate "2022.11.30"]
[SourceQuality "1"]

1. e4 e6 2. d4 d5 3. Nc3 Nf6 4. e5 Nfd7 5. f4 c5 6. Nf3 Nc6 7. Be3 Be7 8. Be2 0-0 9. 0-0 f6 10. exf6 Nxf6 11. dxc5 d4 12. Bxd4 Nxd4 13. Qxd4 Qxd4+ 14. Nxd4 Bxc5 15. Ncb5 a6 16. b4 Bb6 17. c3 axb5 18. Bxb5 Nd5 19. Rf3 Nxc3 0-1

[Event "EU-ch U14"]
[Site "Bratislava"]
[Date "2019.08.09"]
[Round "8"]
[White "Norkeliunas, Matas"]
[Black "La Barbera, Marcello"]
[Result "1-0"]
[WhiteElo "1477"]
[BlackElo "1302"]
[PlyCount "47"]
[EventDate "2019.08.02"]
[EventType "swiss"]
[EventRounds "9"]
[EventCountry "SVK"]
[SourceTitle "EXT 2020"]
[Source "ChessBase"]
[SourceDate "2019.10.17"]
[SourceVersion "1"]
[SourceVersionDate "2019.10.17"]
[SourceQuality "1"]

1. b4 d5 2. Bb2 Nf6 3. c4 g6 4. Nc3 c6 5. e3 Bg7 6. Qb3 0-0 7. Nf3 Re8 8. cxd5 cxd5 9. Bb5 Nc6 10. 0-0 e6 11. Rac1 Bd7 12. Na4 Rc8 13. Nc5 Qc7 14. Ne5 Red8 15. Bxc6 Bxc6 16. b5 Nd7 17. Ncxd7 Rxd7 18. bxc6 bxc6 19. Rxc6 Qxc6 20. Nxc6 Rxc6 21. Qb8+ Bf8 22. Ba3 Kg7 23. Qxf8+ Kf6 24. Qh8+ 1-0

[Event "EU-ch U14"]
[Site "Bratislava"]
[Date "2019.08.07"]
[Round "6"]
[White "Weissenhofer, Jonas"]
[Black "La Barbera, Marcello"]
[Result "1-0"]
[WhiteElo "1692"]
[BlackElo "1302"]
[PlyCount "47"]
[EventDate "2019.08.02"]
[EventType "swiss"]
[EventRounds "9"]
[EventCountry "SVK"]
[SourceTitle "EXT 2020"]
[Source "ChessBase"]
[SourceDate "2019.10.17"]
[SourceVersion "1"]
[SourceVersionDate "2019.10.17"]
[SourceQuality "1"]

1. e4 e6 2. d4 d5 3. Bd3 Nf6 4. e5 Nfd7 5. f4 c5 6. c3 Nc6 7. Nf3 cxd4 8. cxd4 Qb6 9. Bc2 Bb4+ 10. Nc3 f6 11. 0-0 0-0 12. Qd3 g6 13. Be3 fxe5 14. fxe5 Ne7 15. g4 Nc6 16. h4 Bxc3 17. bxc3 Qa6 18. Qd2 Nb6 19. Bh6 Rf7 20. Ng5 Rxf1+ 21. Rxf1 Bd7 22. Qf4 Qxf1+ 23. Kxf1 Kh8 24. Qf6+ 1-0

[Event "EU-ch U14"]
[Site "Bratislava"]
[Date "2019.08.03"]
[Round "2"]
[White "La Barbera, Marcello"]
[Black "Pegno, Mattia"]
[Result "0-1"]
[WhiteElo "1302"]
[BlackElo "1857"]
[PlyCount "100"]
[EventDate "2019.08.02"]
[EventType "swiss"]
[EventRounds "9"]
[EventCountry "SVK"]
[SourceTitle "EXT 2020"]
[Source "ChessBase"]
[SourceDate "2019.10.17"]
[SourceVersion "1"]
[SourceVersionDate "2019.10.17"]
[SourceQuality "1"]

1. d4 d5 2. Bf4 Nf6 3. e3 e6 4. Nf3 Nbd7 5. c3 c5 6. Nbd2 Qb6 7. Qb3 c4 8. Qc2 Bd6 9. Bg3 0-0 10. b3 cxb3 11. axb3 a6 12. c4 Qc7 13. c5 Bxg3 14. hxg3 h6 15. Bd3 e5 16. Be2 e4 17. Nh2 Nh7 18. Ng4 f5 19. Nxh6+ gxh6 20. Rxh6 Ndf6 21. Qd1 Bd7 22. Bh5 Be8 23. Bg6 Kg7 24. Rxh7+ Nxh7 25. Bxe8 Raxe8 26. Qh5 Re6 27. Qh4 Rh6 28. Qf4 Qxf4 29. gxf4 Rh1+ 30. Nf1 Nf6 31. Ra4 Ng4 32. Ke2 Rg1 33. Rb4 Rf7 34. Ng3 Nh6 35. Rb6 Rxg2 36. Nh5+ Kh7 37. Nf6+ Rxf6 38. Rxf6 Rxf2+ 39. Kxf2 Ng4+ 40. Ke2 Nxf6 41. Kd2 Ng4 42. b4 Kg6 43. Ke2 Kh5 44. Kd2 Kh4 45. Ke2 Kg3 46. Kd2 Kf3 47. Ke1 Kxe3 48. Kf1 Kxd4 49. Ke2 Kc3 50. Kf1 d4 0-1